Представление документа в формате RUSMARC

ПолеНазваниеЗначение
  Тип записи a
  Библиографический уровень m
001 Контрольный номер RU/IS/BASE/273576748
005 Дата корректировки 20230731073903.4
010 Индекс ISBN __
d Цена 2-00
101 Язык документа 0_
a Язык текста rus
200 Заглавие и сведения об ответственности 0_
a Заглавие Ритмы жизни
f Первые сведения об ответственности В. А. Доскин, Н. А. Лаврентьев
205 Сведения об издании __
a Основные сведения об издании 2-е изд., перераб. и доп.
210 Выходные данные 1_
a Место издания Москва
c Издательство Медицина
d Дата издания 1991
215 Физическое описание __
a Объем 176 с.
c Иллюстрации/тип воспроизводства ил.
225 Серия (Журнальная рубрика) 2_
a Серия (Журнальная рубрика) Научно-популярная медицинская литература
318 Примечание о действии __
a Действие п
606 Тематические рубрики __
a Основная рубрика Биология
686 Индексы других классификаций __
a Индекс ББК 28.01
700 Автор _1
a Фамилия Доскин
b Имя В. А.
701 Альтернативная интеллектуальная ответственность (другие авторы) _1
a Фамилия Лаврентьев
b Имя Н. А.
801 Источник записи _0
a Страна RU
b Организация ЦРБ, Сургут
801 Источник записи _1
a Страна RU
b Организация ЦРБ, Сургут
852 Данные о местонахождении __
j Шифр хранения 28.01
i Авторский знак Д70
b Сигла хранения ООЧ; 8
852 Данные о местонахождении __
p Инвентарный номер 45397
901 Тип документа __
t Тип документа m
990 Данные о заказе (DOS) 00
j Количество экземпляров (DOS) 2